| 000 | 00533nam a22001817a 4500 | ||
|---|---|---|---|
| 999 |
_c172826 _d172826 |
||
| 005 | 20200213130206.0 | ||
| 010 | _aENG-127729 | ||
| 020 |
_c250.00 _a9789388927529 |
||
| 035 | _aEN-111261 | ||
| 037 | _bDBAD/PUB | ||
| 082 | _a370.117 | ||
| 100 | _aSutariya,Chirag | ||
| 245 |
_aModern Aspects of Teaching English/ _cby Chirag Sutariya |
||
| 260 |
_aAhmedabad _c2019 _bVedant Publication |
||
| 270 |
_aRajkot, Ahmedabad, Surat _e360001 _bAhmedabad |
||
| 300 |
_a89p. _b21cm(pbk) |
||
| 942 |
_2ddc _cEN _h370.117 _mSUT |
||